Boeing Planes: Sudden Death - Statistics

General Stats
  • This quiz has been taken 1,339 times
  • The average score is 4 of 6
Answers on the Grid
Answers color-coded by a green-red scale on the quiz's grid according to % correct below.
 
Answer Stats
Answer % Correct
747
82%
767
61%
757
60%
777
53%
737
49%
787
47%
No matching quizzes found
Score Distribution
Percent of People with Each Score
Percentile by Number Answered
Your Score History
You have not taken this quiz